Nguyên lý phòng chống nấm mốc và Mycotoxin /

Đặc điểm cấu tạo hình thái của nấm mốc; Những điều kiện sinh trưởng, phát triển của nấm mốc; Nguyên lý phòng chống nấm mốc và mycotoxin; Các loại nấm mốc ở Việt Nam; Nấm mốc thường gặp và phương pháp định loại.

Kaydedildi:
Detaylı Bibliyografya
Yazar: Bùi Xuân Đồng, GS. TS.
Materyal Türü: Kitap
Dil:Vietnamese
Baskı/Yayın Bilgisi: Hà Nội : Khoa học và kỹ thuật, 2004.
Konular:
Etiketler: Etiketle
Etiket eklenmemiş, İlk siz ekleyin!
Thư viện lưu trữ: Mạng thư viện Đại học Đà Nẵng
LEADER 01458cam a2200373 a 4500
001 000045011
003 4121
005 20060414111337.0
008 010308b2004 vm 000 vie
020 |c 24000 
040 |a LRC  |c LRC  |d LRC 
041 0 |a vie 
082 1 4 |a 579.5  |b BU-Đ 
100 1 |a Bùi Xuân Đồng,  |c GS. TS. 
245 1 0 |a Nguyên lý phòng chống nấm mốc và Mycotoxin /  |c Bùi Xuân Đồng. 
260 |a Hà Nội :  |b Khoa học và kỹ thuật,  |c 2004. 
300 |a 184 tr. ;  |c 24 cm. 
520 3 |a Đặc điểm cấu tạo hình thái của nấm mốc; Những điều kiện sinh trưởng, phát triển của nấm mốc; Nguyên lý phòng chống nấm mốc và mycotoxin; Các loại nấm mốc ở Việt Nam; Nấm mốc thường gặp và phương pháp định loại. 
630 0 4 |a Nấm mốc. 
630 0 4 |a Mycotoxin. 
650 0 4 |a Nấm mốc  |x Phòng chống. 
650 0 4 |a Mycotoxin  |x Phòng chống. 
OWN |a DUT 
AVA |a UDN50  |b DUT  |c Book  |d 579.5 BU-Đ  |e available  |t Error 5001 Not defined in file expand_doc_bib_avail.  |f 5  |g 0  |h N  |i 3  |j SH  |k 1 
999 |a From the UDN01 
AVA |a UDN50  |b DUT  |c Book  |d 579.5 BU-Đ  |e available  |t Error 5001 Not defined in file expand_doc_bib_avail.  |f 5  |g 0  |h N  |i 3  |j SH  |k 1 
TYP |a Monograph 
TYP |a Printed language 
980 |a Mạng thư viện Đại học Đà Nẵng